00338pab a2200133 454500008004000000100002100040245004700061260000900108300000800117362000900125650001300134700001700147773004000164180718b1988 xxu||||| |||| 00| 0 eng d aBerry, Joseph K. aAssesing spatial impacts of land use plans c1988 a1-9 aJul. aLand Use aJoyeek Berry aJournal of Environmental Management